00683nam a2200241 a 4500001001300000003000900013005001700022008004100039020001000080082001600090100002300106245004000129260003000169300000800199500003500207505001500242650001500257700002300272902000800295942000700303952011600310999001500426nice12345678IN_TiNIC20260116011708.0050524s1901 qada grp 000 0 urd  ac10000a297.86bTUR aTurab, S Yaqub Ali aAkhbar Al-Hikmab Periodical Issues aQadiyanbDarul Amanc1901 a00p aincludes index and biblioraphy2 aPeriodical aAhmadiyyah1 aTurab, S Yaqub Ali bRHR cBK 001040708ReferHall-aHMIbHMId2007-07-02g100.00l0o297.86 TURp06861r2007-07-02v100.00w2005-05-24yBK c3437d3437